Optimal Investment Decision Making on the Model of Production Enterprise With limited Resources
Použitie matematického modelu viacúčelového rozhodovania pre investora, ktorého firma ma obmedzené finančné zdroje. Hodnotenie efektívnosti a návratnosti pomocou ukazovateľov, ako sú zisk, miera návratnosti, doba návratnosti, marginálne náklady na kapitál. Uplatnenie aj subjektívnych kritérií.
Salvato in:
| Autore principale: | |
|---|---|
| Altri autori: | , |
| Natura: | Capitolo di libro |
| Lingua: | inglese |
| Soggetti: | |
| Tags: |
Nessun Tag, puoi essere il primo ad aggiungerne!!
|
MARC
| LEADER | 00000naa a2200000 4500 | ||
|---|---|---|---|
| 001 | 0257269 | ||
| 005 | 20200818100525.5 | ||
| 041 | 0 | |a eng | |
| 044 | |a UA | ||
| 245 | 1 | 0 | |a Optimal Investment Decision Making on the Model of Production Enterprise With limited Resources |c Tetiana Ivanenko, Viktor Hrushko, Anatolii Frantsuz |
| 520 | |a Použitie matematického modelu viacúčelového rozhodovania pre investora, ktorého firma ma obmedzené finančné zdroje. Hodnotenie efektívnosti a návratnosti pomocou ukazovateľov, ako sú zisk, miera návratnosti, doba návratnosti, marginálne náklady na kapitál. Uplatnenie aj subjektívnych kritérií. | ||
| 610 | 2 | 0 | |a investori |
| 610 | 2 | 0 | |a zdroje finančné |
| 610 | 2 | 0 | |a podnik |
| 610 | 2 | 0 | |a rozhodovanie investičné |
| 610 | 2 | 0 | |a projekty |
| 100 | 1 | |a Ivanenko, Tetiana | |
| 700 | 1 | |a Hrushko, Viktor | |
| 700 | 1 | |a Frantsuz, Anatolii | |